000 00501nam a2200181Ia 4500
005 20250508154701.0
008 008 250505s9999 xx 000 0 eng d
037 _aTextual
040 _aFEDL
_beng
_cFEDL
041 _aeng
_2eng
084 _a352.054 5, KHA
_qFEDL
100 _aKhanna R. L.
245 0 _aPanchayati raj in Punjab
260 _aChandigarh, India
_bMohindra Capital Publishers
300 _a202p
942 _cTEXL
_h352.054 5, KHA
999 _c1351588
_d1351588